По тропам каменистым: собрание поэтических произведений с авторскими иллюстрациями.1960-2000

Xehetasun bibliografikoak
Egile nagusia: Бурцев Г. П. Геннадий Павлович
Hizkuntza:errusiera
Argitaratua: Томск, Изд-во ЦНТИ, 2000
Gaiak:
Formatua: Liburua
KOHA link:https://koha.lib.tpu.ru/cgi-bin/koha/opac-detail.pl?biblionumber=62360

MARC

LEADER 00000nam0a2200000 4500
001 62360
005 20231031063355.0
035 |a (RuTPU)RU\TPU\book\66126 
090 |a 62360 
100 |a 20040409d2000 m y0rusy50 ca 
101 0 |a rus 
102 |a RU 
105 |a a z 001gy 
200 1 |a По тропам каменистым   |e собрание поэтических произведений с авторскими иллюстрациями.1960-2000  |f Г. Бурцев 
210 |a Томск  |c Изд-во ЦНТИ  |d 2000 
215 |a 384 с.  |c ил. 
610 1 |a поэзия 
610 1 |a стихотворения 
610 1 |a стихи 
700 1 |a Бурцев  |b Г. П.  |c российский художник  |c выпускник ФТФ ТПИ 1960  |f 1936-  |g Геннадий Павлович  |2 stltpush  |3 (RuTPU)RU\TPU\pers\7948 
801 1 |a RU  |b 63413507  |c 20040409  |g PSBO 
801 2 |a RU  |b 63413507  |c 20161017  |g PSBO 
942 |c BK